| 000 | 00853cac a22002171u 4500 | ||
|---|---|---|---|
| 090 | _c4090 | ||
| 008 | 081105t1996 xxu||||| |||| 00| 0 eng d | ||
| 010 | _a 97140269 | ||
| 020 | _a0201403528 (pbk) | ||
| 035 | _a(OCoLC)36259485 | ||
| 082 | 0 | 0 |
_a004.165 _bF983 |
| 100 |
_aFurber, Stephen B. _d1953- _q(Stephen Bo), |
||
| 245 | 1 | 0 |
_aARM system architecture / _cSteve Furber. |
| 260 |
_aHarlow, England ; _aReading, Mass. : _bAddison-Wesley, _c1996. |
||
| 300 |
_axvi, 416 p. : _bill. ; _c24 cm. |
||
| 504 | _aIncludes bibliographical references (p. 405-407) and index. | ||
| 650 | 0 |
_aRISC microprocessors _xDesign and construction. |
|
| 650 | 0 | _aComputer architecture. | |
| 942 |
_cBB _k004.165F983 _2ddc |
||
| 999 |
_c4090 _d4090 |
||